000 00631nam a22001697a 4500
003 OSt
005 20220107122757.0
008 150331b xxu||||| |||| 00| 0 eng d
040 _c
100 _aMithu Anirudhan (92312009)
_96339
245 _aHydrological modelling of a watershed in a rainshadow region of western ghats, India
502 _bMSc. Geoinformatics
_c2012 - 2014
_dINT
_eRadhakrishnan T
_fJohn C Mathew (School of Environmental Science)
_g"School of Environmental Science, Kottayam"
650 _aMORPHOMETRIC ANALYSIS
_96340
650 _aHYDROLOGICAL MODELS
_96341
650 _aREMOTE SENSING
_96342
942 _2ddc
_cPR
999 _c4574
_d4574